| 000 | 00904aam a2200265 a 4500 | ||
|---|---|---|---|
| 999 |
_c322680 _d322680 |
||
| 003 | BLK | ||
| 005 | 20231228105602.0 | ||
| 008 | 181012b bu ||||| |||| 00| 0 bu d | ||
| 020 | _a978-954-28-2439-8 | ||
| 040 | _aBLK | ||
| 041 |
_aBUL _cBUL |
||
| 080 |
_aАмериканска литература (на САЩ) _b821.111(73) _x-31 _z821.111(73)-31 |
||
| 100 |
_aАндерсен, Лори Халсе _eпърви автор _91299 |
||
| 139 |
_aАндерсен, Лори Халсе _bА 65 |
||
| 245 |
_aГовори _cЛори Халсе Андерсен |
||
| 260 |
_bСиела _c2018 _aСофия |
||
| 300 |
_a236 с. _c21 см |
||
| 380 | _aX | ||
| 700 |
_91021 _aСербезова-Леви, Стоянка Минчева _eпрев. от англ. |
||
| 942 |
_cKNG _2udc _n0 _018 |
||
| 999 | _d322680 | ||
| 999 | _d322680 | ||
| 999 | _d322680 | ||
| 944 |
_k30576 _lЦветомила Тодорова |
||